UM Logo
Normal view MARC view
  • Salera, Jay Marie

Entry Personal Name

Number of records used in: 1

001 - CONTROL NUMBER

  • control field: 33046

003 - CONTROL NUMBER IDENTIFIER

  • control field: OSt

005 - DATE AND TIME OF LATEST TRANSACTION

  • control field: 20181206112207.0

008 - FIXED-LENGTH DATA ELEMENTS

  • fixed length control field: 181206|| aca||aabn | a|a d

040 ## - CATALOGING SOURCE

  • Original cataloging agency: OSt
  • Transcribing agency: OSt

100 ## - HEADING--PERSONAL NAME

  • Personal name: Salera, Jay Marie

670 ## - SOURCE DATA FOUND

  • Source citation: Work cat.: (OSt): Gasper, Jamie Carl 33029, Data analytics sports and health preferences ( data mining system), April 2017.